Dutch Darts Championship - Statistics

General Stats
  • This quiz has been taken 4 times
  • The average score is 4 of 5
Answer Stats
Year Country Winner % Correct
2023 England Dave Chisnall
100%
2025 Wales Jonny Clayton
75%
2024 Northern Ireland Josh Rock
75%
2022 England Michael Smith
75%
2018 England Ian White
25%
No matching quizzes found
Score Distribution
Percent of People with Each Score
Percentile by Number Answered
Your Score History
You have not taken this quiz